| 000 -LEADER |
| fixed length control field |
04296cam a22003737a 4500 |
| 001 - CONTROL NUMBER |
| control field |
15219942 |
| 003 - CONTROL NUMBER IDENTIFIER |
| control field |
NUST-PNEC |
| 005 - DATE AND TIME OF LATEST TRANSACTION |
| control field |
20170116180657.0 |
| 008 - FIXED-LENGTH DATA ELEMENTS--GENERAL INFORMATION |
| fixed length control field |
080314s2008 maua b 001 0 eng d |
| 010 ## - LIBRARY OF CONGRESS CONTROL NUMBER |
| LC control number |
2008270640 |
| 015 ## - NATIONAL BIBLIOGRAPHY NUMBER |
| National bibliography number |
GBA823884 |
| Source |
bnb |
| 016 7# - NATIONAL BIBLIOGRAPHIC AGENCY CONTROL NUMBER |
| Record control number |
014504089 |
| Source |
Uk |
| 020 ## - INTERNATIONAL STANDARD BOOK NUMBER |
| International Standard Book Number |
9781580532556 |
| 020 ## - INTERNATIONAL STANDARD BOOK NUMBER |
| International Standard Book Number |
1580532551 |
| 035 ## - SYSTEM CONTROL NUMBER |
| System control number |
(OCoLC)ocn172980486 |
| 040 ## - CATALOGING SOURCE |
| Original cataloging agency |
BTCTA |
| Transcribing agency |
PNEC |
| Modifying agency |
BAKER |
| -- |
SCT |
| -- |
YDXCP |
| -- |
UUM |
| -- |
TXA |
| -- |
CVM |
| -- |
UKM |
| -- |
DLC |
| 042 ## - AUTHENTICATION CODE |
| Authentication code |
lccopycat |
| 050 00 - LIBRARY OF CONGRESS CALL NUMBER |
| Classification number |
TL798.N3 |
| Item number |
G76 2008 |
| 082 04 - DEWEY DECIMAL CLASSIFICATION NUMBER |
| Classification number |
629.045 GRO |
| 100 1# - MAIN ENTRY--PERSONAL NAME |
| Personal name |
Groves, Paul D. |
| Fuller form of name |
(Paul David) |
| 245 10 - TITLE STATEMENT |
| Title |
Principles of GNSS, inertial, and multisensor integrated navigation systems / |
| Statement of responsibility, etc. |
Paul D. Groves. |
| 260 ## - PUBLICATION, DISTRIBUTION, ETC. |
| Place of publication, distribution, etc. |
Boston : |
| Name of publisher, distributor, etc. |
Artech House, |
| Date of publication, distribution, etc. |
c2008. |
| 300 ## - PHYSICAL DESCRIPTION |
| Extent |
xvi, 518 p. : |
| Other physical details |
ill. ; |
| Dimensions |
26 cm. |
| 440 #0 - SERIES STATEMENT/ADDED ENTRY--TITLE |
| Title |
GNSS technology and applications series |
| 500 ## - GENERAL NOTE |
| General note |
http://www.amazon.com/Principles-Multi-Sensor-Integrated-Navigation-Applications/dp/1580532551/ref=sr_1_1?s=books&ie=UTF8&qid=1409719477&sr=1-1&keywords=1580532551 |
| 504 ## - BIBLIOGRAPHY, ETC. NOTE |
| Bibliography, etc. note |
Includes bibliographical references and index. |
| 505 0# - FORMATTED CONTENTS NOTE |
| Formatted contents note |
What is Navigation? -- Inertial Navigation -- Radio and Satellite Navigation -- Feature Matching -- The Complete Navigation System -- Navigation Mathematics -- Coordinate Frames, Kenematics, and the Earth -- Coordinate Frames -- Kinematics -- Earth Surface and Gravity Models -- Frame Transformations -- The Kalman Filter -- Introduction -- Algorithms and Models -- Implementation Issues -- Extensions to the Kalman Filter -- Navigation Systems -- Inertial Sensors -- Acceleromoters -- Gyroscopes -- Inertial Measurement Units -- Error Characteristics -- Inertial Navigation -- Inertial-Frame Navigation Equations -- Earth-Frame Navigation Equations -- Local-Navigation-Frame Navigation Equations -- Navigations Equations Precision -- Initialization and Alignment -- INS Error Propagation -- Platform INS -- Horizontal-Plane Inertial Navigation -- Satellite Navigation Systems -- Fundamentals of Satellite Navigation -- Global Positioning System -- GLONASS -- Galileo -- Regional Navigation Systems -- GNSS Interoperability -- Satellite Navigation Processing, Errors, and Geometry -- Satellite Navigation Geometry -- Receiver Hardware and Antenna -- Ranging Processor -- Range Error Sources -- Navigation Processor -- Advanced Satellite Navigation -- Differential GNSS -- Carrier-Phase Positioning and Attitude -- Poor Signal-to-Noise Environments -- Multipath Mitigation -- Signal Monitoring -- Semi-Codeless Tracking -- Terrestrial Radio Navigation -- Point-Source Systems -- Loran -- Instrument Landing System -- Urban and Indoor Positioning -- Relative Navigation -- Tracking -- Sonar Transponders -- Dead Reckoning, Attitude, and Height Measurement -- Height and Depth Measurement -- Odometers -- Pedestrian Dead Reckoning -- Doppler Radar and Sonar -- Other Dead-Reckoning Techniques -- Feature Matching -- Terrain-Referenced Navigation -- Image Matching -- Map Matching -- Other Feature-Matching Techniques -- Integrated Navigation -- INS/GNSS Integration -- Integration Architectures -- System Model and State Selection -- Measurement Models -- Advanced INS/GNSS Integration -- INS Alignment and Zero Velocity Updates -- Transfer Alignment -- Quasi-Stationary Alignment with Unknown Heading -- Quasi-Stationary Fine Alignment and Zero Velocity Updates -- Multisensor Integrated Navigation -- Integration Architectures -- Terestrial Radio Navigation -- Dead Reckoning, Attitude, and Height Measurement -- Feature Mapping -- Fault Detection and Integrity Monitoring -- Failure Modes -- Range Checks -- Kalman Filter Measurement Innovations -- Direct Consistency Checks -- Certified Integrity Monitoring -- Vectors and Matrices -- Introduction to Vectors -- Introduction to Matrices -- Special Matrix Types -- Matrix Inversion -- Calculus -- Statistical Measures -- Mean, Variance, and Standard Deviation -- Probability Density Function -- Gaussian Distribution -- Chi-Square Distribution. |
| 650 #0 - SUBJECT ADDED ENTRY--TOPICAL TERM |
| Topical term or geographic name entry element |
Artificial satellites in navigation. |
| General subdivision |
MIS |
| 650 #0 - SUBJECT ADDED ENTRY--TOPICAL TERM |
| Topical term or geographic name entry element |
Inertial navigation systems. |
| 650 #0 - SUBJECT ADDED ENTRY--TOPICAL TERM |
| Topical term or geographic name entry element |
Galileo satellite navigation system. |
| 906 ## - LOCAL DATA ELEMENT F, LDF (RLIN) |
| a |
7 |
| b |
cbc |
| c |
copycat |
| d |
2 |
| e |
ncip |
| f |
20 |
| g |
y-gencatlg |
| 942 ## - ADDED ENTRY ELEMENTS (KOHA) |
| Source of classification or shelving scheme |
|
| Koha item type |
Book |